A07_15歳未満人口割合TOP100の市区町村 - Statistics

General Stats
  • This quiz has been taken 18 times
  • The average score is 61 of 100
Answer Stats
順位 都道府
県名
種類 15歳未満
人口割合
(%)
市町村名 % Correct
6 鹿児島県 19.32 十島村
94%
1 鹿児島県 23.46 三島村
88%
33 沖縄県 16.91 うるま市
88%
37 沖縄県 16.69 沖縄市
88%
41 沖縄県 16.63 宜野湾市
88%
74 東京都 15.29 利島村
88%
90 茨城県 15.06 守谷市
88%
14 沖縄県 17.97 糸満市
82%
27 沖縄県 17.13 石垣市
82%
49 滋賀県 16.39 守山市
82%
58 沖縄県 15.87 宮古島市
82%
68 千葉県 15.60 流山市
82%
4 沖縄県 19.84 宜野座村
76%
5 沖縄県 19.39 豊見城市
76%
8 沖縄県 19.22 渡嘉敷村
76%
11 熊本県 18.62 合志市
76%
13 沖縄県 18.02 与那国町
76%
16 沖縄県 17.94 竹富町
76%
19 沖縄県 17.56 南城市
76%
25 沖縄県 17.16 読谷村
76%
32 沖縄県 16.95 北谷町
76%
34 富山県 16.86 舟橋村
76%
42 沖縄県 16.61 北大東村
76%
44 沖縄県 16.58 名護市
76%
63 沖縄県 15.72 南大東村
76%
83 沖縄県 15.13 伊江村
76%
2 福岡県 20.71 新宮町
71%
3 沖縄県 20.18 南風原町
71%
10 三重県 18.77 朝日町
71%
12 東京都 18.58 御蔵島村
71%
29 沖縄県 17.05 浦添市
71%
46 滋賀県 16.50 栗東市
71%
50 岡山県 16.39 早島町
71%
51 福岡県 16.39 福津市
71%
54 福岡県 16.14 志免町
71%
80 福岡県 15.23 春日市
71%
85 佐賀県 15.10 鳥栖市
71%
96 沖縄県 14.95 久米島町
71%
15 沖縄県 17.94 座間味村
65%
17 福岡県 17.88 粕屋町
65%
20 沖縄県 17.44 中城村
65%
35 愛知県 16.76 長久手市
65%
43 京都府 16.59 木津川市
65%
52 千葉県 16.36 印西市
65%
55 沖縄県 16.11 西原町
65%
64 山梨県 15.70 昭和町
65%
66 沖縄県 15.66 伊是名村
65%
73 福岡県 15.33 大野城市
65%
84 鹿児島県 15.11 徳之島町
65%
86 愛知県 15.09 大治町
65%
87 宮城県 15.08 名取市
65%
97 福岡県 14.91 篠栗町
65%
7 沖縄県 19.32 八重瀬町
59%
22 沖縄県 17.32 伊平屋村
59%
24 石川県 17.23 川北町
59%
26 熊本県 17.14 菊陽町
59%
45 沖縄県 16.55 北中城村
59%
47 愛知県 16.44 幸田町
59%
48 宮城県 16.44 富谷市
59%
57 静岡県 15.88 長泉町
59%
60 熊本県 15.82 益城町
59%
78 岐阜県 15.23 瑞穂市
59%
79 奈良県 15.23 葛城市
59%
91 沖縄県 15.01 今帰仁村
59%
92 徳島県 14.99 北島町
59%
9 沖縄県 19.04 与那原町
53%
18 熊本県 17.88 嘉島町
53%
21 沖縄県 17.34 金武町
53%
23 宮崎県 17.23 三股町
53%
36 山口県 16.74 和木町
53%
39 長崎県 16.68 佐々町
53%
53 福岡県 16.24 那珂川市
53%
65 長崎県 15.69 大村市
53%
72 長崎県 15.45 時津町
53%
75 奈良県 15.26 香芝市
53%
100 宮城県 14.89 大衡村
53%
28 沖縄県 17.06 嘉手納町
47%
30 熊本県 16.99 大津町
47%
31 愛知県 16.97 阿久比町
47%
56 鹿児島県 16.04 伊仙町
47%
77 愛知県 15.24 大府市
47%
81 愛知県 15.18 高浜市
47%
88 滋賀県 15.08 愛荘町
47%
99 大阪府 14.89 箕面市
47%
38 福岡県 16.69 須恵町
41%
62 鹿児島県 15.78 龍郷町
41%
67 和歌山県 15.60 日高町
41%
69 群馬県 15.57 吉岡町
41%
70 宮崎県 15.55 木城町
41%
82 福岡県 15.17 大木町
41%
95 鹿児島県 14.97 鹿屋市
41%
98 山梨県 14.91 忍野村
41%
61 長野県 15.79 南箕輪村
35%
40 福岡県 16.66 久山町
29%
71 埼玉県 15.52 滑川町
29%
93 佐賀県 14.99 江北町
29%
59 熊本県 15.84 山江村
24%
89 福岡県 15.07 大刀洗町
24%
94 佐賀県 14.98 上峰町
24%
76 北海道 15.26 東神楽町
12%
No matching quizzes found
Score Distribution
Percent of People with Each Score
Percentile by Number Answered
Your Score History
You have not taken this quiz